000 00245nam a2200097Ia 4500
001 1222809
005 20250827092855.0
008 250824s9999 xx 000 0 und d
245 0 _aATLARIN PLAKASI OLMAZ
_cEDİZ ALTUN
260 _bMARTI YAYINCILIK
999 _c1222809
_d1222809